000 02656 a2200265 4500
005 20260313113259.0
008 190917s2015 xxu||||| |||| 00| 0 eng d
020 _a9781423423652 (V.1)
020 _a9780881885453 (V.1)
040 _aCO-BoUCM
_bspa
_cSandra Palacio (modificó)
_dSaul Niño
041 0 _aeng
240 1 0 _aPiano accompaniment
245 0 4 _aThe singer's musical theatre anthology
_bMezzo-soprano/belter. Volumen 1
_cCompilado y editado por Richard Walters
246 _aThe singer's musical theatre anthology
_bMezzo soprano belter
260 _aMilwaukee
_bHal Leonard
_c2015
300 _a1 partitura (voluménes)
_eCD-Rom y Folletos
505 _aA continuación se listan los musicales (en letra mayúscula sostenida) con sus respectivas canciones (en letra minúscula): ANNIE GET YOUR GUN I Got the Sun in the Morning ANNIE GET YOUR GUN Doin’ What Comes Natur’lly ANYONE CAN WHISTLE Anyone Can Whistle BABES IN ARMS The Lady Is a Tramp CABARET Don’t Tell Mama CABARET What Would You Do? CABARET Cabaret CALL ME MADAM The Hostess with the Mostes’ on the Ball CATS Memory CHICAGO Funny Honey A CHORUS LINE Dance: Ten; Looks: Three CINDERELLA Stepsisters’ Lament EVITA Don’t Cry for Me Argentina FINIAN’S RAINBOW How Are Things in Glocca Morra? FINIAN’S RAINBOW Look to the Rainbow FLOWER DRUM SONG I Enjoy Being a Girl FOLLIES Broadway Baby FOLLIES Could I Leave You FOLLIES In Buddy’s Eyes FOLLIES Losing My Mind GENTLEMEN PREFER BLONDES Diamonds Are a Girl’s Best Friend GENTLEMEN PREFER BLONDES Ain’t There Anyone Here for Love? GODSPELL Turn Back, O Man GUYS AND DOLLS Take Back Your Mink GYPSY Some People HOW TO SUCCEED IN BUSINESS WITHOUT REALLY TRYING Happy to Keep His Dinner Warm KISS ME, KATE Always True to You in My Fashion KISS ME, KATE Why Can’t You Behave? A LITTLE NIGHT MUSIC The Miller’s Son A LITTLE NIGHT MUSIC Send in the Clowns OKLAHOMA! I Cain’t Say No ON A CLEAR DAY YOU CAN SEE FOREVER He Wasn’t You ON A CLEAR DAY YOU CAN SEE FOREVER What Did I Have That I Don’t Have? SOUTH PACIFIC A Cockeyed Optimist SOUTH PACIFIC I’m in Love with a Wonderful Guy SWEENEY TODD By the Sea SWEENEY TODD The Worst Pies in London TWO BY TWO An Old Man THE UNSINKABLE MOLLY BROWN I Ain’t Down Yet
650 0 _998481
_aMusicales
650 0 _aMusicales
_vExtractos
_vPartituras vocales con piano
_9176704
650 7 _aMúsica
_vDiscos compactos
_9188299
653 _aCanciones (voz media) con piano
700 1 0 _aWalters, Richard
_eeditor
_9188185
942 _cLIBRO
_2DEWEY
_a17
_e1
_h782.14
_mS617mez
999 _c315356
_d315356